|
|
|
|
| LEADER |
01168nam a2200265 i 4500 |
| 001 |
misc58113 |
| 005 |
20210614114014.0 |
| 008 |
210614s1932 hu o 0|| hun d |
| 040 |
|
|
|a SZTE Miscellanea Repozitórium
|b hun
|
| 041 |
|
|
|a hun
|
| 100 |
1 |
|
|a Móra Ferenc
|
| 245 |
1 |
0 |
|a Néprajzi vonatkozások szegedvidéki népvándorláskori és korai magyar leletekben = Volkskundliche Beziehungen in Funden der Völkerwanderungszeit und des frühen Ungartums aus der Umgebung von Szeged
|h [elektronikus dokumentum] /
|c Móra Ferenc
|
| 260 |
|
|
|a Somogyi-könyvtár és Városi Múzeum
|b Szeged, Magyarország
|c 1932
|
| 300 |
|
|
|a 17 p.
|c 25 cm
|
| 490 |
0 |
|
|a A Szegedi Városi Múzeum kiadványai
|
| 650 |
|
4 |
|a Társadalomtudományok
|
| 650 |
|
4 |
|a Szociológia
|
| 650 |
|
4 |
|a Antropológia, néprajz
|
| 650 |
|
4 |
|a Néprajz
|
| 650 |
|
4 |
|a Bölcsészettudományok
|
| 650 |
|
4 |
|a Történettudomány és régészet
|
| 650 |
|
4 |
|a Történettudomány
|
| 650 |
|
4 |
|a Régészet, archeometria, tájrégészet
|
| 695 |
|
|
|a Régészet - leletek - 9. sz., Népvándorlás - művészet - képeskönyv, Szeged
|
| 856 |
4 |
0 |
|u http://misc.bibl.u-szeged.hu/58113/1/xb_202296.pdf
|z Dokumentum-elérés
|